Análisis de la problemática administrativa de la empresa asociativa de producción agropecuaria

Sparad:
Bibliografiska uppgifter
Huvudupphovsman: Murcia, Héctor H.
Materialtyp: Text
Publicerad: San José :
Taggar: Lägg till en tagg
Inga taggar, Lägg till första taggen!

MARC

LEADER 00000 a a2200000 04500
001 15692
003
040
090 |a 014300  
100 |a Murcia, Héctor H.  
245 |a Análisis de la problemática administrativa de la empresa asociativa de producción agropecuaria  
260 |a San José :  
300 |a 18 p.  
999 |c 13097  |d 13097